Black Veil Brides - Most Streamed Songs on Spotify - Statistics

General Stats
  • This quiz has been taken 60 times
  • The average score is 11 of 24
Answer Stats
Year Track Streams % Correct
2012 In The End 227,314,780
100%
2010 Knives and Pens 66,491,058
95%
2011 Fallen Angels 44,913,385
71%
2011 Rebel Love Song 31,330,875
71%
2010 Perfect Weapon 27,981,640
67%
2018 Wake Up 48,249,681
62%
2021 Scarlet Cross 30,379,529
57%
2011 Saviour 12,044,018
52%
2014 Goodbye Agony 26,750,647
48%
2011 The Legacy 15,758,643
48%
2010 The Mortician's Daughter 16,640,792
48%
2014 Heart Of Fire 28,392,588
38%
2012 Lost It All 23,710,626
38%
2011 Set The World On Fire 11,622,720
38%
2012 Wretched And Divine 13,864,449
38%
2021 Torch 10,498,675
33%
2014 Faithless 13,498,878
29%
2012 New Years Day 10,577,571
29%
2017 Rebel Yell 10,334,897
29%
2022 Saviour II 15,752,935
29%
2012 Nobody's Hero 10,194,024
19%
2021 Fields of Bone 10,871,446
14%
2012 I Am Bulletproof 13,305,273
14%
2018 The Last One 10,662,485
5%
No matching quizzes found
Score Distribution
Percent of People with Each Score
Percentile by Number Answered
Your Score History
You have not taken this quiz